| 000 -LEADER | |
|---|---|
| fixed length control field | 00480nam a22001697a 4500 |
| 005 - DATE AND TIME OF LATEST TRANSACTION | |
| control field | 20210904120107.0 |
| 008 - FIXED-LENGTH DATA ELEMENTS--GENERAL INFORMATION | |
| fixed length control field | 200608b xxu||||| |||| 00| 0 eng d |
| 020 ## - INTERNATIONAL STANDARD BOOK NUMBER | |
| ISBN | 978-93-84852-62-7 |
| 041 ## - LANGUAGE CODE | |
| Language code of text/sound track or separate title | eng |
| 082 ## - DEWEY DECIMAL CLASSIFICATION NUMBER | |
| Classification number | 345.747 05 |
| 100 ## - MAIN ENTRY--AUTHOR NAME | |
| Personal name | PARANJAPE , DR. N.V. |
| 245 ## - TITLE STATEMENT | |
| Title | THE CODE OF CRIMINAL PROCEDURE: Along with juvenile justice (1973) ) (ACT. NO. 2 OF 1974) |
| 260 ## - PUBLICATION, DISTRIBUTION, ETC. (IMPRINT) | |
| Place of publication | ALLAHABAD |
| Name of publisher | CENTRAL LAW AGENCY |
| 300 ## - PHYSICAL DESCRIPTION | |
| Number of Pages | 949;p |
| 650 ## - SUBJECT ADDED ENTRY--TOPICAL TERM | |
| Topical Term | LAW |
| 942 ## - ADDED ENTRY ELEMENTS (KOHA) | |
| Koha item type | Books |
| Lost status | Damaged status | Collection code | Home library | Current library | Shelving location | Date acquired | Source of acquisition | Cost, normal purchase price | Full call number | Accession Number | Koha item type |
|---|---|---|---|---|---|---|---|---|---|---|---|
| Reference | JRU Library | JRU Library | SHELF -1-B | 20/06/2020 | PURCHESS | 750.00 | 345.747 05 | 24917 | Books |